Detalles MARC
| 000 -LÍDER |
| Campo fijo de descripción fija |
01386aaa a2200289 i 4500 |
| 001 - NÚMERO DE CONTROL |
| Campo de control |
CO-MdBIC |
| 003 - IDENTIFICADOR DEL NÚMERO DE CONTROL |
| Campo de control |
CO-MdBIC |
| 005 - FECHA Y HORA DE LA ULTIMA TRANSACCIÓN |
| control field |
20240609174758.0 |
| 008 - ELEMENTOS DE LONGITUD FIJA -- INFORMACIÓN GENERAL |
| Campo fijo de descripción fija -- Información general |
180713t2003 ck a|||| |||| 00| 0 spa d |
| 020 ## - NÚMERO INTERNACIONAL NORMALIZADO PARA LIBROS |
| Número Internacional Normalizado del libro |
9580473463 |
| 040 ## - FUENTE DE CATALOGACIÓN |
| Agencia que realiza la transcripción |
CO-MdBIC |
| Agencia de catalogación original |
CO-MdBIC |
| Idioma de catalogación |
spa |
| 041 ## - CÓDIGO DE IDIOMA |
| Código de idioma para texto/pista de sonido o título separado |
spa |
| 082 04 - NÚMERO DE CLASIFICACIÓN DECIMAL DEWEY |
| Número de clasificación |
895.1 |
| Número de la edición del Dewey |
23 |
| Clave de autor-Numero de item |
W246 |
| 100 1# - ASIENTO PRINCIPAL--NOMBRE PERSONAL |
| Nombre personal |
Wang, Gabrielle |
| 245 #3 - TÍTULO |
| Título del Material |
El jardín de la emperatriz Casia |
| Mención de responsabilidad, etc. |
/ Gabrielle Wang ; traducido por Magdalena Holguín ; ilustrado por Olga Cuéllar |
| 246 ## - FORMA VARIANTE DEL TITULO |
| Título propiamente dicho/forma breve del título |
The garden of Empress Cassia |
| 250 ## - MENCIÓN DE EDICIÓN |
| Mención de edición |
19. ed |
| 264 ## - PRODUCCIÓN, PUBLICACIÓN, DISTRIBUCIÓN, MANUFACTURA, Y COPYRIGHT |
| Lugar de producción, publicación, distribución, manufactura |
Bogotá, Colombia : |
| Nombre del productor, publicador, distribuidor |
Norma, |
| Fecha de producción, publicación, distribución, manufactura, o copyright |
[2004] |
| 264 ## - PRODUCCIÓN, PUBLICACIÓN, DISTRIBUCIÓN, MANUFACTURA, Y COPYRIGHT |
| Fecha de producción, publicación, distribución, manufactura, o copyright |
©2004 |
| 300 ## - DESCRIPCIÓN FÍSICA |
| Extensión |
108 páginas : |
| Otros detalles físicos |
ilustraciones ; |
| Dimensiones |
19 cm. |
| 490 ## - MENCIÓN DE SERIE |
| Mención de serie |
Colección torre de papel. Torre amarilla |
| 501 ## - NOTA DE “CON” |
| Nota de Contenido |
Mimi es una simpática niña china que vive en Australia y que no logra entender por qué sus padres le transmiten la tradición china, tan distinta de las vivencias que ella tiene fuera de casa. Un día, su profesora de Dibujo le regala una caja de pasteles muy antigua, que supuestamente perteneció a una emperatriz china. Los dibujos que Mimi comienza a hacer con estos pasteles transformarán definitivamente las vidas de quienes los observan, así como la imagen que la niña tiene de sí misma. |
| 650 14 - ASIENTO SECUNDARIO DE MATERIA - TERMINO TEMÁTICO |
| Término temático o nombre geográfico como elemento de entrada |
Novela China |
| 700 ## - ASIENTO SECUNDARIO - NOMBRE PERSONAL |
| Nombre personal |
Cuéllar, Olga, |
| Responsabilidad |
ilustrador |
| 700 ## - ASIENTO SECUNDARIO - NOMBRE PERSONAL |
| Nombre personal |
Holguín, Magdalena, |
| Responsabilidad |
traductor |
| 942 ## - TIPO DE MATERIAL (KOHA) |
| Tipo de Item KOHA |
Z- Libro General BINCO |